[Event "DEM U10w 2019"]
[Site "Willingen GER"]
[Date "2019.06.14"]
[Round "10"]
[White "Glotz, Diana"]
[Black "Ezold, Johanna Sophie"]
[Result "0-1"]
[Termination "normal"]
[Board "3"]
[WhiteElo "1244"]
[BlackElo "1076"]
[WhiteClock "00:11:50"]
[BlackClock "00:19:14"]
[PlyCount "90"]
[WhiteFideId "16278500"]
[BlackFideId "16275411"]
[EventCountry "GER"]
[EventRounds "11"]
[EventType "swiss"]
[EventDate "2019.06.08"]

1. c4 {[%clk 1:15:53]} 1... e5 {[%clk 1:15:55]} 2. Nc3 {[%clk 1:16:11]} 2...
Nf6 {[%clk 1:16:18]} 3. g3 {[%clk 1:16:12]} 3... Bb4 {[%clk 1:16:36]} 4. Bg2 {
[%clk 1:16:18]} 4... O-O {[%clk 1:16:42]} 5. e3 {[%clk 1:16:31]} 5... c6 {
[%clk 1:15:05]} 6. d4 {[%clk 1:14:08]} 6... exd4 {[%clk 1:15:21]} 7. Qxd4 {
[%clk 1:13:48]} 7... Re8 {[%clk 1:14:18]} 8. Nge2 {[%clk 1:12:10]} 8... d6 {
[%clk 1:12:00]} 9. O-O {[%clk 1:10:55]} 9... Nbd7 {[%clk 1:11:48]} 10. a3 {
[%clk 1:09:20]} 10... Bxc3 {[%clk 1:12:11]} 11. Nxc3 {[%clk 1:09:40]} 11... Ne5
{[%clk 1:05:22]} 12. b3 {[%clk 1:03:13]} 12... Be6 {[%clk 1:01:39]} 13. e4 {
[%clk 0:59:34]} 13... Ng6 {[%clk 0:56:43]} 14. f4 {[%clk 0:55:42]} 14... Bd7 {
[%clk 0:52:58]} 15. Qxd6 {[%clk 0:51:18]} 15... Re6 {[%clk 0:43:25]} 16. Qd3 {
[%clk 0:50:35]} 16... Re8 {[%clk 0:41:08]} 17. Be3 {[%clk 0:47:58]} 17... Qc8
18. f5 {[%clk 0:43:37]} 18... Ne5 {[%clk 0:40:01]} 19. Qc2 {[%clk 0:39:55]}
19... Nfg4 {[%clk 0:38:14]} 20. Bf4 {[%clk 0:36:40]} 20... h6 {[%clk 0:37:56]}
21. h3 {[%clk 0:31:32]} 21... Nf6 {[%clk 0:37:18]} 22. Rfd1 {[%clk 0:27:06]}
22... Re7 {[%clk 0:35:26]} 23. Rd2 {[%clk 0:23:45]} 23... Qc7 {[%clk 0:34:03]}
24. Rad1 {[%clk 0:21:10]} 24... Rd8 {[%clk 0:33:30]} 25. Ne2 {[%clk 0:19:05]}
25... Ree8 {[%clk 0:26:50]} 26. Qc3 {[%clk 0:17:23]} 26... a6 {[%clk 0:20:14]}
27. Nd4 {[%clk 0:16:14]} 27... Qb8 {[%clk 0:18:33]} 28. Nf3 {[%clk 0:16:10]}
28... Qa7+ {[%clk 0:17:04]} 29. c5 {[%clk 0:15:57]} 29... Nxf3+ {[%clk 0:17:12]
} 30. Bxf3 {[%clk 0:16:06]} 30... b6 {[%clk 0:16:50]} 31. cxb6 {[%clk 0:15:54]}
31... Qxb6+ {[%clk 0:16:39]} 32. Be3 {[%clk 0:15:51]} 32... Qb7 {[%clk 0:16:09]
} 33. e5 {[%clk 0:15:01]} 33... Nd5 {[%clk 0:15:42]} 34. Bxd5 {[%clk 0:14:33]}
34... cxd5 {[%clk 0:15:57]} 35. Rxd5 {[%clk 0:12:56]} 35... Rc8 {[%clk 0:15:02]
} 36. Qd3 {[%clk 0:12:09]} 36... Bb5 {[%clk 0:14:42]} 37. Qd2 {[%clk 0:11:19]}
37... Bc6 {[%clk 0:14:01]} 38. Rc5 {[%clk 0:09:45]} 38... Be4 {[%clk 0:13:26]}
39. Rxc8 {[%clk 0:09:28]} 39... Qxc8 {[%clk 0:13:40]} 40. g4 {[%clk 0:09:11]}
40... Ba8 {[%clk 0:11:12]} 41. Bf4 {[%clk 0:08:56]} 41... Qc5+ {[%clk 0:10:32]}
42. Qe3 {[%clk 0:05:50]} 42... Qxa3 {[%clk 0:10:16]} 43. Qb6 {[%clk 0:02:16]}
43... Qb2 {[%clk 0:08:29]} 44. Bd2 {[%clk 0:14:23]} 44... Qxe5 {[%clk 0:19:24]}
45. Re1 {[%clk 0:11:50]} 45... Qg3+ {[%clk 0:19:14]} 0-1

[Event "DEM U10w 2019"]
[Site "Willingen GER"]
[Date "2019.06.14"]
[Round "10"]
[White "Pröttel, Ela"]
[Black "Haug, Mara"]
[Result "0-1"]
[Termination "normal"]
[Board "5"]
[WhiteElo "1333"]
[BlackElo "1097"]
[WhiteClock "00:00:58"]
[BlackClock "00:10:19"]
[PlyCount "126"]
[WhiteFideId "44582749"]
[BlackFideId "16259300"]
[EventCountry "GER"]
[EventRounds "11"]
[EventType "swiss"]
[EventDate "2019.06.08"]

1. d4 {[%clk 1:15:56]} 1... Nf6 {[%clk 1:15:35]} 2. Bf4 {[%clk 1:16:04]} 2...
g6 {[%clk 1:11:40]} 3. Nc3 {[%clk 1:16:11]} 3... Bg7 {[%clk 1:10:46]} 4. e4 {
[%clk 1:15:55]} 4... d6 {[%clk 1:07:47]} 5. Qd2 {[%clk 1:15:13]} 5... h6 {
[%clk 1:03:52]} 6. Nf3 {[%clk 0:52:15]} 6... Nbd7 {[%clk 1:01:14]} 7. Be2 {
[%clk 0:47:00]} 7... b6 {[%clk 0:50:45]} 8. O-O {[%clk 0:39:51]} 8... Bb7 {
[%clk 0:49:24]} 9. Bd3 {[%clk 0:37:06]} 9... Nh5 {[%clk 0:40:26]} 10. Be3 {
[%clk 0:34:43]} 10... c6 {[%clk 0:36:25]} 11. Rfe1 {[%clk 0:28:24]} 11... Qc7 {
[%clk 0:34:08]} 12. a3 {[%clk 0:24:09]} 12... e6 {[%clk 0:26:42]} 13. Bf1 {
[%clk 0:16:34]} 13... O-O-O {[%clk 0:21:36]} 14. b4 {[%clk 0:15:06]} 14... f5 {
[%clk 0:16:14]} 15. Qe2 {[%clk 0:08:00]} 15... f4 {[%clk 0:14:12]} 16. Bd2 {
[%clk 0:07:15]} 16... e5 {[%clk 0:11:43]} 17. d5 {[%clk 0:02:55]} 17... Nhf6 {
[%clk 0:08:59]} 18. Qc4 {[%clk 0:01:15]} 18... b5 {[%clk 0:06:53]} 19. Qb3 {
[%clk 0:01:09]} 19... Nb6 {[%clk 0:04:57]} 20. dxc6 {[%clk 0:00:48]} 20... Qxc6
{[%clk 0:04:45]} 21. Bxb5 {[%clk 0:00:41]} 21... Qc7 {[%clk 0:03:49]} 22. a4 {
[%clk 0:00:37]} 22... Nbd7 {[%clk 0:03:09]} 23. Qc4 {[%clk 0:00:37]} 23... Qxc4
{[%clk 0:03:02]} 24. Bxc4 {[%clk 0:00:53]} 24... Kb8 {[%clk 0:02:55]} 25. a5 {
[%clk 0:00:37]} 25... Rc8 {[%clk 0:02:33]} 26. Bb3 {[%clk 0:00:45]} 26... a6 {
[%clk 0:02:24]} 27. Ra2 27... Rhd8 {[%clk 0:01:03]} 28. Rb1 {[%clk 0:00:37]}
28... Bc6 {[%clk 0:01:05]} 29. Ba4 {[%clk 0:00:36]} 29... Kb7 {[%clk 0:00:58]}
30. Bxc6+ {[%clk 0:00:42]} 30... Rxc6 {[%clk 0:01:19]} 31. Kf1 {[%clk 0:00:44]}
31... Rdc8 {[%clk 0:01:27]} 32. Ra3 {[%clk 0:00:46]} 32... Rc4 {[%clk 0:01:18]}
33. Ke2 {[%clk 0:00:42]} 33... Nxe4 {[%clk 0:01:22]} 34. Nxe4 {[%clk 0:00:37]}
34... Rxe4+ {[%clk 0:01:44]} 35. Kd3 {[%clk 0:00:34]} 35... Rec4 { [%clk
0:01:56]} 36. Ke2 {[%clk 0:00:33]} 36... Rxc2 {[%clk 0:02:00]} 37. Kd1 { [%clk
0:00:37]} 37... e4 {[%clk 0:01:55]} 38. Ne1 {[%clk 0:00:36]} 38... R2c7 { [%clk
0:01:57]} 39. Rab3 {[%clk 0:00:34]} 39... Ka7 {[%clk 0:01:51]} 40. Bxf4 { [%clk
0:00:36]} 40... Rc6 {[%clk 0:01:37]} 41. Be3+ {[%clk 0:00:40]} 41... Ka8 {[%clk
0:01:41]} 42. Rc1 {[%clk 0:00:38]} 42... Rxc1+ {[%clk 0:01:18]} 43. Bxc1 {[%clk
0:01:00]} 43... d5 {[%clk 0:00:51]} 44. Nc2 {[%clk 0:00:38]} 44... d4 { [%clk
0:00:31]} 45. f3 {[%clk 0:00:35]} 45... e3 {[%clk 0:14:55]} 46. Ne1 { [%clk
0:07:11]} 46... Be5 {[%clk 0:13:59]} 47. h3 47... Rc4 {[%clk 0:12:37]} 48. Nd3
{[%clk 0:02:45]} 48... Kb7 {[%clk 0:11:30]} 49. Ba3 {[%clk 0:02:20]} 49... Kc6
{[%clk 0:10:59]} 50. Nb2 {[%clk 0:01:31]} 50... Rc3 {[%clk 0:09:57]} 51. Rxc3+
{[%clk 0:01:05]} 51... dxc3 {[%clk 0:10:19]} 52. Nd3 {[%clk 0:00:58]} 52... Bd4
53. Kc2 Kb5 54. Kb3 e2 55. g3 Ne5 56. f4 Nxd3 57. Kc2 e1=Q 58. Kxd3 Qe3+ 59.
Kc2 Qd2+ 60. Kb3 c2 61. h4 c1=Q 62. Bxc1 Qxc1 63. g4 Qb2# 0-1

[Event "DEM U10w 2019"]
[Site "Willingen GER"]
[Date "2019.06.14"]
[Round "10"]
[White "Czäczine, Paula"]
[Black "Oellrich, Emma"]
[Result "0-1"]
[Termination "normal"]
[Board "7"]
[WhiteElo "1170"]
[BlackElo "1484"]
[PlyCount "114"]
[WhiteFideId "16249305"]
[BlackFideId "16268806"]
[EventCountry "GER"]
[EventRounds "11"]
[EventType "swiss"]
[EventDate "2019.06.08"]

1. e4 e6 2. d4 d5 3. e5 c5 4. c3 Qb6 5. Nf3 Nc6 6. a3 Nh6 7. b4 cxd4 8. cxd4
Nf5 9. Bb2 Bd7 10. b5 Nce7 11. Nc3 a6 12. a4 Ng6 13. Be2 Be7 14. O-O O-O 15.
Re1 Rac8 16. Rc1 Bb4 17. Qb3 Ba5 18. Ba3 Rfe8 19. Bb4 Bxb4 20. Qxb4 a5 21. Qb1
Nxd4 22. Nxd4 Qxd4 23. Bd3 Rxc3 24. Bxg6 fxg6 25. Rxc3 Qxc3 26. Rc1 Qxe5 27.
Qc2 Rc8 28. Qd1 Rxc1 29. Qxc1 d4 30. f4 Qe3+ 31. Qxe3 dxe3 32. Kf1 Kf7 33. Ke2
Kf6 34. Kxe3 e5 35. Ke4 exf4 36. Kxf4 Be6 37. g4 b6 38. g5+ Kf7 39. Ke5 Bb3 40.
Kd6 Bxa4 41. Kc6 Bxb5+ 42. Kxb5 Ke6 43. h4 Kf5 44. h5 gxh5 45. Kxb6 a4 46. Kc5
a3 47. Kd6 a2 48. Ke7 a1=Q 49. Kf7 Kxg5 50. Kg8 h4 51. Kxh7 Qb1+ 52. Kh8 h3 53.
Kxg7 Qf1 54. Kh7 Qf6 55. Kg8 h2 56. Kh7 h1=Q+ 57. Kg8 Qhh8# 0-1

[Event "DEM U10w 2019"]
[Site "Willingen GER"]
[Date "2019.06.14"]
[Round "10"]
[White "Bauer, Laura Sophie"]
[Black "Bangiev, Katharina"]
[Result "1-0"]
[Termination "normal"]
[Board "8"]
[WhiteElo "1356"]
[BlackElo "1003"]
[PlyCount "41"]
[WhiteFideId "16253647"]
[BlackFideId "16267230"]
[EventCountry "GER"]
[EventRounds "11"]
[EventType "swiss"]
[EventDate "2019.06.08"]

1. e4 d6 2. d4 g6 3. Nc3 Bg7 4. Be3 Nf6 5. f3 O-O 6. Qd2 Nc6 7. O-O-O a5 8. Bh6
e5 9. d5 Ne7 10. h4 Qd7 11. h5 Nxh5 12. g4 Nf6 13. Nge2 b5 14. Ng3 b4 15. Nce2
Rb8 16. Bxg7 Kxg7 17. Qh6+ Kg8 18. g5 Nh5 19. Rxh5 Rd8 20. Qxh7+ Kf8 21. Qh6+
1-0

[Event "DEM U10w 2019"]
[Site "Willingen GER"]
[Date "2019.06.14"]
[Round "10"]
[White "Krasikova, Milana"]
[Black "Moldovan, Tatiana"]
[Result "1/2-1/2"]
[Termination "normal"]
[Board "9"]
[WhiteElo "1023"]
[BlackElo "1269"]
[PlyCount "67"]
[WhiteFideId "16287347"]
[BlackFideId "16287398"]
[EventCountry "GER"]
[EventRounds "11"]
[EventType "swiss"]
[EventDate "2019.06.08"]

1. e4 c5 2. c4 e5 3. Nf3 Nc6 4. Nc3 Nf6 5. Be2 d6 6. d3 Bd7 7. Bg5 Be7 8. O-O
Bg4 9. Re1 O-O 10. h3 Bh5 11. Rc1 Rb8 12. Qd2 h6 13. Bh4 Nd4 14. Nxd4 cxd4 15.
Nd5 Bxe2 16. Nxe7+ Qxe7 17. Qxe2 Qe6 18. Qf3 Nd7 19. b4 b6 20. a3 Rbc8 21. Rc2
Rc7 22. Rec1 Rfc8 23. Qg4 Qxg4 24. hxg4 f6 25. Kh2 g5 26. Bg3 Kf7 27. f3 Rh8
28. Kh3 Rb7 29. Kh2 a5 30. Be1 a4 31. b5 Ke6 32. Bb4 Rc8 33. Rb1 Rh8 34. Kh3
1/2-1/2

[Event "DEM U10w 2019"]
[Site "Willingen GER"]
[Date "2019.06.14"]
[Round "10"]
[White "Neininger, Sarah"]
[Black "Lichtenegger, Katharina"]
[Result "1-0"]
[Termination "normal"]
[Board "10"]
[WhiteElo "920"]
[BlackElo "1238"]
[PlyCount "119"]
[WhiteFideId "16287410"]
[BlackFideId "16287355"]
[EventCountry "GER"]
[EventRounds "11"]
[EventType "swiss"]
[EventDate "2019.06.08"]

1. e4 e5 2. Nf3 Nc6 3. d4 exd4 4. Bc4 Nf6 5. O-O Nxe4 6. Re1 d5 7. Bxd5 Qxd5 8.
Nc3 Qa5 9. Nxe4 Be6 10. Neg5 O-O-O 11. Nxe6 fxe6 12. Rxe6 Bd6 13. Bg5 Rde8 14.
Qe2 Ref8 15. Re1 Qxa2 16. b3 Nb4 17. Nxd4 Bc5 18. Qg4 Kb8 19. Qh4 g6 20. Qh6 a6
21. Bf6 Rhg8 22. Qxh7 Bxd4 23. Bxd4 b6 24. Bxb6 Nd5 25. Bc5 Rh8 26. Qxg6 Nf4
27. Qg4 Nxe6 28. Bxf8 Nxf8 29. Re8+ Kb7 30. Qe4+ Kb6 31. Rb8+ Kc5 32. b4+ Kd6
33. Rd8+ Nd7 34. Qd4+ Kc6 35. Qxd7+ Kb7 36. Qd5+ Qxd5 37. Rxd5 Re8 38. g4 Re2
39. h4 Re4 40. f3 Rxb4 41. c3 Rc4 42. h5 Rxc3 43. h6 Rxf3 44. Kg2 Rf4 45. Kg3
Rf8 46. g5 Rh8 47. Rd7 a5 48. h7 a4 49. g6 a3 50. Rd2 c5 51. g7 Rxh7 52. g8=Q
Re7 53. Qb3+ Kc6 54. Qxa3 Rg7+ 55. Kf4 Rf7+ 56. Ke5 Re7+ 57. Kf6 Re1 58. Qf3+
Kb5 59. Rb2+ Ka4 60. Qa8# 1-0

[Event "DEM U10w 2019"]
[Site "Willingen GER"]
[Date "2019.06.14"]
[Round "10"]
[White "Le, Thao-Linh"]
[Black "Moradi, Yassaman"]
[Result "0-1"]
[Termination "normal"]
[Board "11"]
[WhiteElo "1014"]
[BlackElo "1174"]
[PlyCount "48"]
[WhiteFideId "16279131"]
[BlackFideId "16279964"]
[EventCountry "GER"]
[EventRounds "11"]
[EventType "swiss"]
[EventDate "2019.06.08"]

1. e4 c5 2. b4 d6 3. Nf3 Nf6 4. Bd3 cxb4 5. a3 g6 6. axb4 Bg7 7. Bb2 O-O 8. O-O
Nc6 9. Nc3 Nxb4 10. Bc4 Bh6 11. Bb3 Bg4 12. h3 Bxf3 13. Qxf3 Bxd2 14. Qd3 Nxd3
15. cxd3 Qb6 16. Ra3 Qb4 17. Ne2 Nd7 18. Nd4 Nc5 19. Nc2 Qb6 20. Bd4 e5 21.
Bxc5 Qxc5 22. Kh1 b5 23. Rd1 Qxf2 24. Bd5 Rac8 0-1

[Event "DEM U10w 2019"]
[Site "Willingen GER"]
[Date "2019.06.14"]
[Round "10"]
[White "Schülke, Rosalie"]
[Black "Müller, Riyanna"]
[Result "1-0"]
[Termination "normal"]
[Board "12"]
[WhiteElo "995"]
[BlackElo "918"]
[PlyCount "47"]
[WhiteFideId "16287436"]
[BlackFideId "16287401"]
[EventCountry "GER"]
[EventRounds "11"]
[EventType "swiss"]
[EventDate "2019.06.08"]

1. e4 e5 2. Nf3 Nc6 3. Bc4 Bc5 4. O-O Nf6 5. d4 Bxd4 6. Nxd4 Nxd4 7. f4 d6 8.
fxe5 dxe5 9. Bg5 Be6 10. Na3 h6 11. Bxf6 gxf6 12. c3 Bxc4 13. Nxc4 Ne6 14.
Qxd8+ Rxd8 15. Rxf6 b5 16. Nxe5 Rh7 17. Raf1 Ng5 18. R6f4 Rg7 19. Rg4 Rd2 20.
h4 h5 21. Rxg5 Rxg5 22. hxg5 Re2 23. Rf4 Re3 24. Kf2 1-0

[Event "DEM U10w 2019"]
[Site "Willingen GER"]
[Date "2019.06.14"]
[Round "10"]
[White "Moldovan, Stela"]
[Black "Engeln, Helene"]
[Result "1-0"]
[Termination "normal"]
[Board "13"]
[WhiteElo "1193"]
[BlackElo "825"]
[PlyCount "59"]
[WhiteFideId "16287380"]
[BlackFideId "16287274"]
[EventCountry "GER"]
[EventRounds "11"]
[EventType "swiss"]
[EventDate "2019.06.08"]

1. e4 e5 2. Nf3 Nc6 3. Bb5 a6 4. Ba4 Nf6 5. d4 exd4 6. O-O Be7 7. Re1 O-O 8. e5
Nd5 9. c3 d6 10. cxd4 Qd7 11. Bc2 Qg4 12. h3 Qe6 13. Bg5 Ncb4 14. Be4 Nb6 15.
a3 Nc6 16. exd6 Qxd6 17. Bxc6 Bxg5 18. Be4 Qh6 19. Nh2 Bf4 20. Ng4 Qg5 21. Nd2
f5 22. Nf3 Qg6 23. Nh4 Qh5 24. Nxf5 Bxf5 25. Nf6+ Rxf6 26. Qxh5 Raf8 27. Bxb7
Rh6 28. Qd1 Rg6 29. Qb3+ Be6 30. Rxe6 1-0

[Event "DEM U10w 2019"]
[Site "Willingen GER"]
[Date "2019.06.14"]
[Round "10"]
[White "Hoffmann, Svenja"]
[Black "Orlova, Anna-Daria"]
[Result "1-0"]
[Termination "normal"]
[Board "14"]
[WhiteElo "1072"]
[BlackElo "1095"]
[PlyCount "63"]
[WhiteFideId "16287312"]
[BlackFideId "16275381"]
[EventCountry "GER"]
[EventRounds "11"]
[EventType "swiss"]
[EventDate "2019.06.08"]

1. e4 e5 2. Nf3 Nc6 3. Bc4 Bc5 4. c3 Nf6 5. d4 exd4 6. e5 Ne4 7. cxd4 Bb4+ 8.
Bd2 Bxd2+ 9. Nbxd2 Nxd2 10. Qxd2 d5 11. Bd3 Be6 12. O-O O-O 13. Qf4 f6 14. Qh4
h6 15. Qh5 Bd7 16. Qg6 f5 17. Bc2 Qe8 18. Qg3 f4 19. Qh4 Nxd4 20. Nxd4 g5 21.
Qxh6 Qe7 22. Qg6+ Qg7 23. Qh5 c5 24. Nb3 b6 25. Rfe1 Be6 26. Rad1 Rad8 27. a4
Bf5 28. Bxf5 Rxf5 29. e6 Re5 30. Rxe5 Qxe5 31. Qf7+ Kh8 32. h3 1-0

[Event "DEM U10w 2019"]
[Site "Willingen GER"]
[Date "2019.06.14"]
[Round "10"]
[White "Wehling, Ida"]
[Black "Richter, Johanna"]
[Result "1/2-1/2"]
[Termination "normal"]
[Board "16"]
[WhiteElo "1093"]
[BlackElo "936"]
[PlyCount "42"]
[WhiteFideId "16287452"]
[BlackFideId "16278925"]
[EventCountry "GER"]
[EventRounds "11"]
[EventType "swiss"]
[EventDate "2019.06.08"]

1. e4 d6 2. d4 Nf6 3. Nc3 g6 4. h3 Bg7 5. Nf3 O-O 6. Bc4 Nc6 7. O-O e5 8. dxe5
dxe5 9. Be3 b6 10. Qe2 Bb7 11. Rad1 Qe7 12. Rd2 Rfd8 13. Rfd1 h6 14. Rd3 Na5
15. Bb3 Ba6 16. Qe1 Bxd3 17. Rxd3 Rxd3 18. cxd3 c5 19. Bc2 Rd8 20. Qc1 a6 21.
Bxh6 Qd7 1/2-1/2

[Event "DEM U10w 2019"]
[Site "Willingen GER"]
[Date "2019.06.14"]
[Round "10"]
[White "Niederdorfer, Mathilda"]
[Black "Struebel, Katharina"]
[Result "0-1"]
[Termination "normal"]
[Board "17"]
[WhiteElo "1036"]
[BlackElo "852"]
[PlyCount "104"]
[WhiteFideId "16275845"]
[BlackFideId "16284879"]
[EventCountry "GER"]
[EventRounds "11"]
[EventType "swiss"]
[EventDate "2019.06.08"]

1. e4 e5 2. Nf3 Nc6 3. Bc4 Bc5 4. d4 Bxd4 5. Nxd4 Nxd4 6. O-O Nf6 7. Nc3 d6 8.
f4 Bg4 9. Qd3 Qd7 10. Be3 Nc6 11. h3 Be6 12. Bxe6 Qxe6 13. f5 Qe7 14. Rfb1 O-O
15. g4 Nb4 16. Qd2 Rad8 17. g5 Nh5 18. f6 gxf6 19. gxf6 Qxf6 20. Bg5 Qg6 21. a3
Nc6 22. b4 Nd4 23. Kh1 Nf3 24. Qe3 Nxg5 25. Nd5 Qxe4+ 26. Qxe4 Nxe4 27. Re1
Neg3+ 28. Kg2 c6 29. Ne3 Rd7 30. Rg1 Re7 31. Kh2 Re6 32. Nf5 Rf6 33. Raf1 Kh8
34. Nxg3 Rxf1 35. Nxf1 Rg8 36. Rxg8+ Kxg8 37. Ne3 d5 38. Nf5 e4 39. b5 cxb5 40.
Ne7+ Kg7 41. Nxd5 f5 42. Nc3 e3 43. Kg1 f4 44. Nxb5 e2 45. Kf2 f3 46. Nxa7 Ng3
47. c4 Ne4+ 48. Ke1 Kg6 49. a4 Kg5 50. Nc8 Kf4 51. a5 Ke3 52. c5 f2# 0-1

[Event "DEM U10w 2019"]
[Site "Willingen GER"]
[Date "2019.06.14"]
[Round "10"]
[White "Vöcking, Julia"]
[Black "Kopylov, Diana"]
[Result "0-1"]
[Termination "normal"]
[Board "18"]
[WhiteElo "812"]
[BlackElo "922"]
[PlyCount "74"]
[WhiteFideId "16287444"]
[BlackFideId "16268865"]
[EventCountry "GER"]
[EventRounds "11"]
[EventType "swiss"]
[EventDate "2019.06.08"]

1. e4 c5 2. d3 d6 3. g3 Nf6 4. Nd2 g6 5. f4 Bg7 6. Ngf3 O-O 7. Bg2 Nc6 8. e5
Ng4 9. O-O Ne3 10. Qe1 Nxf1 11. Nxf1 Qb6 12. Be3 Qxb2 13. c4 Bf5 14. Bd2 Bxd3
15. Bc3 Qc2 16. a3 Rad8 17. Rc1 Qb3 18. Ra1 Qxc4 19. Rc1 dxe5 20. Ba5 Qd5 21.
Nxe5 Qd4+ 22. Qe3 Bxf1 23. Qxd4 Rxd4 24. Nxc6 bxc6 25. Bxf1 Ra4 26. Rxc5 Bd4+
27. Kg2 Bxc5 28. Bc3 Rxa3 29. Be5 f6 30. Bc4+ Kg7 31. Bc7 Rc8 32. g4 Rxc7 33.
Be2 Rd7 34. h4 Rd2 35. h5 Rxe2+ 36. Kf1 Rf2+ 37. Ke1 Ra1# 0-1

[Event "DEM U10w 2019"]
[Site "Willingen GER"]
[Date "2019.06.14"]
[Round "10"]
[White "Matthes, Aimee"]
[Black "Marrufo, Emilia"]
[Result "0-1"]
[Termination "normal"]
[Board "19"]
[WhiteElo "918"]
[BlackElo "753"]
[PlyCount "62"]
[WhiteFideId "16287371"]
[BlackFideId "16287363"]
[EventCountry "GER"]
[EventRounds "11"]
[EventType "swiss"]
[EventDate "2019.06.08"]

1. e4 d5 2. exd5 Qxd5 3. Nc3 Qd8 4. Nf3 Bg4 5. h3 Bxf3 6. Qxf3 Nf6 7. Qd1 Nbd7
8. d4 e6 9. Bc4 c6 10. d5 Nb6 11. Bb3 cxd5 12. O-O Bd6 13. Be3 O-O 14. Nb5 Bb8
15. c3 a6 16. Nd4 Qd6 17. g3 Ne4 18. Bf4 e5 19. Nf5 Qg6 20. g4 exf4 21. Ne7+
Kh8 22. Nxg6+ fxg6 23. f3 Ng3 24. Re1 Nd7 25. Qxd5 Nf6 26. Qxb7 Ra7 27. Qc6 Rc7
28. Qa4 Rd7 29. g5 Ba7+ 30. Kg2 Rd2+ 31. Re2 Rxe2# 0-1

[Event "DEM U10w 2019"]
[Site "Willingen GER"]
[Date "2019.06.14"]
[Round "10"]
[White "Stepanjan, Tatevik Mia"]
[Black "Janssen, Julika"]
[Result "1-0"]
[Termination "normal"]
[Board "20"]
[WhiteElo "940"]
[BlackElo "839"]
[PlyCount "126"]
[WhiteFideId "16246128"]
[BlackFideId "16287339"]
[EventCountry "GER"]
[EventRounds "11"]
[EventType "swiss"]
[EventDate "2019.06.08"]

1. e4 e5 2. Nf3 Nc6 3. Nc3 Bc5 4. Bc4 Nf6 5. d3 d6 6. Bg5 Be6 7. Nd5 Nd4 8.
Nxf6+ gxf6 9. Bh6 Rg8 10. Nxd4 Bxd4 11. Bxe6 fxe6 12. g3 Qe7 13. Qh5+ Qf7 14.
Qxf7+ Kxf7 15. O-O-O Rg6 16. Be3 Bb6 17. d4 Rg4 18. f3 Rg6 19. Rhe1 a5 20. dxe5
a4 21. exd6 Bxe3+ 22. Rxe3 Rc8 23. d7 Rd8 24. Rc3 c6 25. Rc4 Ke7 26. Rcd4 Rh6
27. h4 Rh5 28. Rxa4 Rxd7 29. Rxd7+ Kxd7 30. Ra7 Kc7 31. a4 Kb6 32. Ra8 f5 33.
a5+ Kc7 34. a6 bxa6 35. Rxa6 fxe4 36. fxe4 Re5 37. Ra7+ Kd6 38. Rxh7 Rxe4 39.
h5 Re1+ 40. Kd2 Rg1 41. Rg7 Rg2+ 42. Kd3 Kd5 43. h6 Rh2 44. h7 Rh3 45. Ke2 e5
46. g4 Kd4 47. g5 Ke4 48. g6 Rh2+ 49. Kd1 Ke3 50. c3 Kd3 51. Rd7+ Ke3 52. g7
Rh1+ 53. Kc2 Rh2+ 54. Kb3 Rxh7 55. g8=Q Rxd7 56. Qg3+ Ke4 57. Qg4+ Ke3 58. Qxd7
e4 59. Qd4+ Kf4 60. Kc2 Kf3 61. Kd2 Kf4 62. Qe3+ Ke5 63. Ke2 c5 1-0